000
00320nam a2200133Ia 4500
008
240624s9999 xx 000 0 und d
041
_a
eng
082
_a
823 MAD
100
_a
MADHAVAN MEENAKSHI REDDY
245
_a
COLD FEET
260
_c
2012
_a
New Delhi
_b
Penguin Books India
300
_a
248 : p.
365
_c
RS
_b
25
999
_c
21734
_d
21734